Teorie masové komunikace
Salvato in:
| Autore principale: | |
|---|---|
| Altri autori: | |
| Natura: | Libro |
| Lingua: | ceco |
| Pubblicazione: |
Praha
Vydavatelství Karolinum
1996
|
| Soggetti: | |
| Tags: |
Nessun Tag, puoi essere il primo ad aggiungerne!!
|
MARC
| LEADER | 00000nam a2200000 4500 | ||
|---|---|---|---|
| 001 | c123274 | ||
| 005 | 20221123124546.2 | ||
| 020 | |a 80-7184-099-8 | ||
| 041 | 0 | |a cze | |
| 044 | |a CZ | ||
| 245 | 1 | 0 | |a Teorie masové komunikace |c Melvin L. DeFleur, Sandra Ballová-Rokeachová |
| 264 | 1 | |a Praha |b Vydavatelství Karolinum |c 1996 | |
| 300 | |a 363 s. | ||
| 610 | 2 | 0 | |a komunikácia masová |
| 610 | 2 | 0 | |a teória a prax |
| 610 | 2 | 0 | |a médiá |
| 610 | 2 | 0 | |a tlač |
| 610 | 2 | 0 | |a film |
| 610 | 2 | 0 | |a telekomunikácie |
| 610 | 2 | 0 | |a rozhlas |
| 610 | 2 | 0 | |a televízia |
| 610 | 2 | 0 | |a socializácia |
| 610 | 2 | 0 | |a systémy počítačové |
| 610 | 2 | 0 | |a systémy počítačové distribuované |
| 610 | 2 | 0 | |a systémy počítačové telekomunikačné |
| 610 | 2 | 0 | |a telefón |
| 100 | 1 | |a DeFleur, Melvin L. | |
| 700 | 1 | |a Ballová-Rokeachová, Sandra | |